Видовое разнообразие микроорганизмов, сбраживающих лактозу, в Республике Северная Осетия - Алания и их практическое использование (Запись № 10994758)

Подробности
000 -МАРКЕР
контрольное поле 02166nam0a2200397 i 4500
001 - ИДЕНТИФИКАТОР ЗАПИСИ
контрольное поле RU\NLR\BIBL_A\011005859
005 - ИДЕНТИФИКАТОР ВЕРСИИ
контрольное поле 20241103100230.0
010 ## - МЕЖДУНАРОДНЫЙ СТАНДАРТНЫЙ НОМЕР КНИГИ (ISBN)
Номер (ISBN) 9785906647351
Тираж 500
021 ## - НОМЕР ГОСУДАРСТВЕННОЙ РЕГИСТРАЦИИ
Код страны Российская Федерация
Номер 2016-10478
Номер Листа государственной регистраци 683
035 ## - ДРУГИЕ СИСТЕМНЫЕ НОМЕРА
Идентификатор записи (NILC)RuMoRGB-008142974
035 ## - ДРУГИЕ СИСТЕМНЫЕ НОМЕРА
Идентификатор записи (NLR Aleph) 011005859
100 ## - ДАННЫЕ ОБЩЕЙ ОБРАБОТКИ
Данные общей обработки 20160304d2015 k y0rusy50 ca
101 0# - ЯЗЫК РЕСУРСА
Язык текста, звукозаписи и т.д. русский
102 ## - СТРАНА ПУБЛИКАЦИИ ИЛИ ПРОИЗВОДСТВА
Страна публикации Российская Федерация
105 ## - ПОЛЕ КОДИРОВАННЫХ ДАННЫХ: ТЕКСТОВЫЕ МАТЕРИАЛЫ, МОНОГРАФИЧЕСКИЕ
Кодированные данные о монографическом текстовом документе a|||z||||||y|
200 1# - ЗАГЛАВИЕ И СВЕДЕНИЯ ОБ ОТВЕТСТВЕННОСТИ
Основное заглавие Видовое разнообразие микроорганизмов, сбраживающих лактозу, в Республике Северная Осетия - Алания и их практическое использование
Сведения, относящиеся к заглавию монография
Первые сведения об ответственности Цугкиев Б. Г., Кабисов Р. Г., Рамонова Э. В., Петрукович А. Г.
Последующие сведения об ответственности М-во сельского хоз-ва Российской Федерации, Федеральное гос. бюджетное образовательное учреждение высш. образования "Горский гос. аграрный ун-т"
210 ## - ПУБЛИКАЦИЯ, РАСПРОСТРАНЕНИЕ И ДР.
Место издания, распространения и т.д. Владикавказ
Имя издателя, распространителя и т. д. Горский госагроуниверситет
Дата издания, распространения и т.д. 2015
215 ## - ФИЗИЧЕСКАЯ ХАРАКТЕРИСТИКА
Специфическое обозначение материала и объем 239 с.
Другие сведения о физической характеристике ил., табл.
Размеры 21
320 ## - ПРИМЕЧАНИЯ О НАЛИЧИИ В ДОКУМЕНТЕ БИБЛИОГРАФИИ / УКАЗАТЕЛЯ
Текст примечания Библиогр.: с. 204-239
606 1# - НАИМЕНОВАНИЕ ТЕМЫ КАК ПРЕДМЕТ
Наименование темы Молочно-кислые продукты
Тематический подзаголовок Производство
Системный номер авторитетной/нормативной записи 1104534
Идентификатор авторитетной/нормативной записи RU\NLR\AUTH\66435464
606 ## - НАИМЕНОВАНИЕ ТЕМЫ КАК ПРЕДМЕТ
Наименование темы Лактобактерии
Тематический подзаголовок Применение в животноводстве
Системный номер авторитетной/нормативной записи 2282641
Идентификатор авторитетной/нормативной записи RU\NLR\AUTH\6601595619
606 ## - НАИМЕНОВАНИЕ ТЕМЫ КАК ПРЕДМЕТ
Наименование темы Лактобактерии
Тематический подзаголовок Применение в пищевом производстве
Системный номер авторитетной/нормативной записи 2084653
Идентификатор авторитетной/нормативной записи RU\NLR\AUTH\661260744
675 ## - УНИВЕРСАЛЬНАЯ ДЕСЯТИЧНАЯ КЛАССИФИКАЦИЯ (UDC/УДК)
Индекс 579
686 1# - ИНДЕКСЫ ДРУГИХ КЛАССИФИКАЦИЙ
Индекс П545.126
686 1# - ИНДЕКСЫ ДРУГИХ КЛАССИФИКАЦИЙ
Индекс Л87-11
686 1# - ИНДЕКСЫ ДРУГИХ КЛАССИФИКАЦИЙ
Индекс Л955
701 #1 - ИМЯ ЛИЦА - АЛЬТЕРНАТИВНАЯ ОТВЕТСТВЕННОСТЬ
Начальный элемент ввода Цугкиев
Часть имени, кроме начального элемента ввода Б.Г.
Расширение инициалов личного имени Борис Георгиевич
701 #1 - ИМЯ ЛИЦА - АЛЬТЕРНАТИВНАЯ ОТВЕТСТВЕННОСТЬ
Начальный элемент ввода Кабисов
Часть имени, кроме начального элемента ввода Р. Г.
Расширение инициалов личного имени Руслан Гельбертович
701 #1 - ИМЯ ЛИЦА - АЛЬТЕРНАТИВНАЯ ОТВЕТСТВЕННОСТЬ
Начальный элемент ввода Рамонова
Часть имени, кроме начального элемента ввода Э. В.
Расширение инициалов личного имени Элла Викторовна
701 #1 - ИМЯ ЛИЦА - АЛЬТЕРНАТИВНАЯ ОТВЕТСТВЕННОСТЬ
Начальный элемент ввода Петрукович
Часть имени, кроме начального элемента ввода А. Г.
Расширение инициалов личного имени Андрей Георгиевич
801 #0 - ИСТОЧНИК ЗАПИСИ
Страна Российская Федерация
Организация РГБ
Дата составления 20160211
Правила каталогизации RCR
942 ## - ДОПОЛНИТЕЛЬНЫЕ ЭЛЕМЕНТЫ ЗАПИСИ (АБИС)
Тип экземпляра АБИС Книга
980 ## - КОЛЛЕКЦИЯ
Название коллекции НБР

Нет доступных экземпляров.